000 00637nam a2200229Ia 4500
003 OSt
005 20220918185947.0
006 a|||||r|||| 00| 0
007 ta
008 220917b |||||||| |||| 00| 0 eng d
024 _a53,859
037 _cTextual
040 _aARTS
_cARTS
_beng
041 _2eng
_aeng
082 _aP152, C3
100 _aKellogg S H
_970874
245 0 _aGrammar of the Hindi language in which are treated the Hindi Braj and the Eastren Hindi of the Ramayan of Tulsi Das
260 _c1803
650 _aLINGUISTICS
942 _hP152, C3
_cTEXL
_2CC
999 _c182867
_d182867